|
|
|
|
| LEADER |
00000nam a2200000 4500 |
| 008 |
191106b2019 cr ||||| |||| 00| | spa d |
| 999 |
|
|
|c 3794
|d 3794
|
| 090 |
|
|
|a 06.03.06
|b 2566
|
| 100 |
|
|
|9 2341
|a Gutiérrez Gutiérrez, Magally
|
| 245 |
1 |
0 |
|a Estudio exploratorio sobre los conocimientos, experiencias, prácticas y necesidades de cuidadores que atienden población infantil en la primera infancia (0 a 6 años) en contextos informales en Costa Rica /
|c Magally Gutiérrez Gutiérrez, Karla Martorell Esquivel
|
| 260 |
|
|
|a [San José, Costa Rica] :
|b INIE,
|c 2019
|
| 300 |
|
|
|a 1 volumen (sin paginar)
|
| 500 |
|
|
|a Informe final Proyecto de investigación No. 724-B5-334
|
| 650 |
1 |
4 |
|9 455
|a EDUCACIÓN PREESCOLAR
|
| 650 |
1 |
4 |
|9 1009
|a BIENESTAR DE LA INFANCIA
|
| 650 |
1 |
4 |
|9 4625
|a CUIDADO DEL NIÑO
|
| 650 |
1 |
4 |
|9 4626
|a CUIDADORES
|
| 700 |
|
|
|9 4627
|a Martorell Esquivel, Karla
|
| 942 |
|
|
|i 004617
|h 06.03.06 2566
|2 z
|c 04
|